[Event "Velika Gorica op 12th"]
[Site "Velika Gorica"]
[Date "2014.08.18"]
[Round "1"]
[White "Lasic, Luka"]
[Black "Dalic, Zeljko"]
[Result "1-0"]
[WhiteElo "2225"]
[BlackElo "1756"]
[PlyCount "65"]
[EventDate "2014.08.18"]
[EventType "swiss"]
[EventRounds "9"]
[EventCountry "CRO"]
[SourceTitle "EXT 2015"]
[Source "ChessBase"]
[SourceDate "2014.11.20"]
[SourceVersion "1"]
[SourceVersionDate "2014.11.20"]
[SourceQuality "1"]

1. e4 c6 2. d4 d5 3. exd5 cxd5 4. c4 Nf6 5. Nc3 e6 6. Nf3 Nc6 7. a3 Be7 8. Bf4 Nh5 9. Be3 Nf6 10. c5 0-0 11. b4 Ng4 12. Bf4 f6 13. Bg3 a6 14. Na4 f5 15. Nb6 f4 16. Nxa8 fxg3 17. hxg3 Bf6 18. Ra2 e5 19. dxe5 Ncxe5 20. Be2 Bf5 21. Nb6 Be4 22. 0-0 Nc6 23. Bd3 Qe8 24. Re1 Qg6 25. Bxe4 dxe4 26. Qd5+ Kh8 27. Qxe4 Qh5 28. Nd7 Rd8 29. Nxf6 gxf6 30. Rd2 Rg8 31. Nh4 Nge5 32. Qf5 Kg7 33. Qxh5 1-0

[Event "IECG CB.2003.0.00075 email"]
[Site "IECG email"]
[Date "2003.04.12"]
[Round "?"]
[White "Schild, Reinhard"]
[Black "Dalic, Zeljko"]
[Result "1-0"]
[WhiteElo "1949"]
[BlackElo "1836"]
[PlyCount "63"]
[EventDate "2003.04.12"]
[EventType "tourn (corr)"]
[EventRounds "6"]
[SourceTitle "Corr 2008"]
[Source "ChessBase"]
[SourceDate "2008.06.24"]
[SourceVersion "1"]
[SourceVersionDate "2008.06.24"]
[SourceQuality "1"]

1. Nc3 Nf6 2. e4 d6 3. d4 g6 4. f4 Bg7 5. Nf3 0-0 6. Be3 Nbd7 7. Qd2 c5 8. 0-0-0 b5 9. Bxb5 Qb6 10. Bxd7 Nxd7 11. Nd5 Qb5 12. Nc7 Qa4 13. Nxa8 Qxa2 14. Qd3 Bb7 15. Qa3 Qxa3 16. bxa3 Rxa8 17. dxc5 Bxe4 18. cxd6 Rc8 19. Ne1 Kf8 20. dxe7+ Kxe7 21. Bxa7 Bc3 22. Bd4 Bxd4 23. Rxd4 Nc5 24. Kb2 f5 25. Rf1 Rb8+ 26. Ka2 Ke6 27. Rf2 Bd5+ 28. c4 Be4 29. Rb2 Ra8 30. Nf3 Nd3 31. Ng5+ Ke7 32. Rb1 1-0

[Event "IECG CB.2003.0.00075 email"]
[Site "IECG email"]
[Date "2003.04.12"]
[Round "?"]
[White "Van Bommel, Ton"]
[Black "Dalic, Zeljko"]
[Result "1-0"]
[WhiteElo "1844"]
[BlackElo "1836"]
[PlyCount "59"]
[EventDate "2003.04.12"]
[EventType "tourn (corr)"]
[EventRounds "6"]
[SourceTitle "Corr 2008"]
[Source "ChessBase"]
[SourceDate "2008.06.24"]
[SourceVersion "1"]
[SourceVersionDate "2008.06.24"]
[SourceQuality "1"]

1. e4 e6 2. d4 d5 3. Nc3 Nf6 4. e5 Nfd7 5. f4 c5 6. Nf3 Nc6 7. Be3 cxd4 8. Nxd4 a6 9. Qg4 h5 10. Qh3 Nxd4 11. Bxd4 Qc7 12. a4 Nb8 13. Qe3 Nc6 14. Bb6 Qb8 15. Bd3 Be7 16. 0-0 g6 17. Ne2 Bd7 18. c3 Bd8 19. Bc5 b6 20. Bd6 Bc7 21. Bxc7 Qxc7 22. Rfc1 Rc8 23. Bxa6 Ra8 24. Bb5 g5 25. c4 d4 26. Nxd4 gxf4 27. Qe4 Rc8 28. Rd1 Rg8 29. Nf3 Rd8 30. Rxd7 1-0